[Event "SRI-chB"]
[Site "Narahenpita"]
[Date "2017.05.13"]
[Round "2"]
[White "Wickramasinghe, MGD Chathura"]
[Black "Thiyasara, KT Thisen"]
[Result "0-1"]
[WhiteElo "1254"]
[BlackElo "1835"]
[PlyCount "36"]
[EventDate "2017.05.12"]
[EventType "swiss"]
[EventRounds "10"]
[EventCountry "SRI"]
[SourceTitle "CBM 178 Extra"]
[Source "ChessBase"]
[SourceDate "2017.06.22"]
[SourceVersion "1"]
[SourceVersionDate "2017.06.22"]
[SourceQuality "1"]

1. d4 Nf6 2. c4 e6 3. Nc3 Bb4 4. Nf3 b6 5. a3 Bxc3+ 6. bxc3 Ba6 7. e3 Nc6 8. Qa4 Na5 9. c5 Bxf1 10. Rxf1 0-0 11. Ne5 d6 12. Nc4 Nxc4 13. Qxc4 dxc5 14. dxc5 bxc5 15. Qxc5 Qd3 16. Qd4 Qg6 17. g3 Rfd8 18. Qc4 Qc2 0-1